A funeral elegy upon the much lamented death of Daniel Rogers Esq : who travelling from Hampton to Ipswich on Saturday, Decemb. 1. 1722. ('tis thought) mistook the road, and going down to Salisbury-Beach, was there benighted, and lost his life; his body was found the 14th of January following, in a deep cove, and was decently interr'd at Ipswich the 16th. in the 56 year of his age.

Bibliographic Details
Main Author: J. P.
Format: eBook
Language:English
Published: [Boston?] : [publisher not identified], [1723]
Series:Early American imprints. Evans (1639-1800) ; no. 39783.
Subjects:
Online Access:Evans Digital Edition

MARC

Tag First Indicator Second Indicator Subfields
LEADER 00000cam a22000001a 4500
001 in00002166830
006 m e d #
007 cr mn mmmmabba
008 811230s1723 maua s 000 0 eng d
005 20260331144713.7
035 |z w017423 
035 |a MAAR8112304491B 
035 |9 mwa91-21857 
035 |a 320210 
035 |a aas03017423 
040 |a MWA  |c MWA  |e bdrb  |d UtOrBLW 
100 0 |a J. P. 
245 1 2 |a A funeral elegy upon the much lamented death of Daniel Rogers Esq :  |b who travelling from Hampton to Ipswich on Saturday, Decemb. 1. 1722. ('tis thought) mistook the road, and going down to Salisbury-Beach, was there benighted, and lost his life; his body was found the 14th of January following, in a deep cove, and was decently interr'd at Ipswich the 16th. in the 56 year of his age. 
264 1 |a [Boston?] :  |b [publisher not identified],  |c [1723] 
300 |a 1 sheet (1 unnumbered page) :  |b illustrations (relief cut) ;  |c 31 x 21 cm. 
336 |a text  |b txt  |2 rdacontent 
337 |a computer  |b c  |2 rdamedia 
338 |a online resource  |b cr  |2 rdacarrier 
500 |a Verse in two parts; first line: Dear widow! orphans! how betray'd, distrest! Signed: J.P. December 10th. 1722. 
500 |a Text in two columns; relief cut (Reilly 18) at head with words, "Memento mori. Remember death." 
510 4 |a Bristol  |c B646 
510 4 |a Shipton & Mooney  |c 39783 
510 4 |a Ford, W.C. Broadsides,  |c 492 
510 4 |a Wegelin, O. Amer. poetry,  |c 297 
530 |a Microform version available in the Readex Early American Imprints series. 
533 |a Electronic text and image data.  |b [Chester, Vt. :  |c Readex, a division of Newsbank, Inc.,  |d 2002-2004.  |e Includes files in TIFF, GIF and PDF formats with inclusion of keyword searchable text.  |f (Early American imprints. First series ; no. 39783). 
500 |a Electronic resource. 
600 1 0 |a Rogers, Daniel,  |d 1667-1722. 
655 7 |a Broadsides.  |2 rbgenr 
655 7 |a Elegies.  |2 rbgenr 
752 |a United States  |b Massachusetts  |d Boston. 
830 0 |a Early American imprints.  |n Series I,  |p Evans (1639-1800) ;  |v no. 39783. 
856 4 1 |u http://proxy.library.tamu.edu/login?url=https://opac.newsbank.com/select/evans/39783  |y Evans Digital Edition  |t 0 
999 |a MARS 
999 f f |s f0e697fa-0b5c-3be1-b5ca-3f273828b666  |i 78d11ad3-85fe-3b28-a678-4c85ebbf83a1  |t 0 
952 f f |a Texas A&M University  |b College Station  |c Electronic Resources  |s www_evans  |d Available Online  |t 0  |h No information provided 
998 f f |t 0  |l Available Online